000 00561nam a2200229Ia 4500
003 OSt
005 20221005124656.0
006 a|||||r|||| 00| 0
007 ta
008 221004b |||||||| |||| 00| 0 mal d
024 _a55408
037 _cTextual
040 _aCRL
_cCRL
_bmal
041 _2mal
_amal
082 _aO32,2N07,2, H5
100 _aKittunni
_9632173
245 0 _aNattinpurath
260 _c1945
650 _aMALAYALAM DRAMA
_9207189
942 _hO32,2N07,2, H5
_cTEXL
_2cc
999 _c1051254
_d1051254